01365naa a22003137a 4500001001000000003000900010005001700019007000300036008003400039040005400073041000900127072002000136090001800156100002000174111008500194245009700279246009600376246005300472260003700525500011200562650002300674650001300697650001400710773010900724909003600833942001400869999001900883952014900902BR8401274BR-BrBNA20240918175422.0ta230509b bl.||||| |||| 00| 0 por d aBR-BrBNAbporcBiblioteca Nacional de Agricultura a(Pt) aT00b3862bG514 aT00 BR84012741 aVasconcelos, N.1 a2. Seminario Tecnico sobre Meio AmbientecSao Paulo, SP (Brazil)d15-17 Aug 19831 aControle de efluentes liquidos industriais [residuo industrial, poluicao, Sao Paulo, Brasil]1 a[Control of industrial liquid effluents [industrial residue, pollution, Sao Paulo, Brazil]]1 a[Annals of the 2. Expert Seminar on Environment]3 aSao Paulo, SP (Brasil): c1983.  aAnais do 2. Seminario Tecnico sobre Meio Ambiente Sao Paulo, SP (Brasil): 1983. p. 95-99 (BR8401274-AM)T00  aRESIDUO INDUSTRIAL aPOLUICAO aSAO PAULO0 tAnais do 2. Seminario Tecnico sobre Meio AmbientewT00 BR8401274gSao Paulo, SP (Brasil), 1983. p. 95-99 a202404bLuciac55dLucia Elande cAM2AGRIS c316602d316602 002AGRIS40708Acervo Gerala41918b41918cAgrobasel0o3862 BR8401269r2024-05-20t01yAM10d2024-04-11ePortaria Interministerial nÂș 164/94